00622cam a22002057a 4500003000400000005001700004008004100021017004400062020001800106040001400124100001900138245006700157250001100224260005000235300003200285490002400317600003700341650002300378700001500401OSt20160504175545.0160504s2015 spca || 000 hdcat|d aDL B 1881-2015bBiblioteca de Catalunya a9788415232612 bcatcCDMR1 aPerich, Raquel13aEl Perich b: sense caducitat cRaquel Perich, Jaume Capdevila a3a ed. aEl Papiol (Baix Llobregat) :bEfadós,c2015 a191 p. :bil. col. ;c21 cm0 aPinzells satírics14aPerichd1941-1995qPerich, Jaime04aHumorisme català04aKapd1974-